1292 1368 1497 1360 1700 1590 1358 1750 1243 1557 1186 1648 1759 1595 1435 1526 1152 1821 1478 1823 1511 1359 1191 1196 1445 1280 1622 1595 1261 1440 1212 1424 1861 1014 1426 1515 1248 1807 1983 1875 1757 1058 1082 1760 1843 1040 1166 1420 1711 1364 1271 1074 1753 1960 1884 1163 1990 1018 1875 1415 1977 1774 1922 1168 1629 1769 1412 1419 1723 1901 1214 1246 1285 1275 1041 1878 1146 1161 1847 1700 1863 1375 1310 1439 1173 1640 1402 1591 1150 1848 1556 1210 1377 1771 1702 1699 1939 1839 1869 BCNSPRNW ULIB Ver.6.0+V

เปลี่ยนเป็นภาษาไทย

Change to English
 แสดงรายละเอียดบรรณานุกรม
  กลับหน้าหลัก

Brief Record : Get Marc (ISO 2709) : E-mail record : QR code < ปิดหน้าต่าง
LEADER : 00000nam 2200000uu 4500
001    13399126149
003     ULIB
008    180613s2560||||th 000 0 tha d
020    ^a9786165470889
050  4 ^aPE1128^bส779cu
100 0  ^aสุทิน พูลสวัสดิ์
245 10 ^aCU-TEP reading :^bภาษาอังกฤษเข้าจุฬาลงกรณ์มหาวิทยาลัย /^cSutinPoolsawad
246 30 ^aภาษาอังกฤษเข้าจุฬาลงกรณ์มหาวิทยาลัย
246 31 ^aBest test preparation for CU-TEP : CU-TEP reading
250    ^aพิมพ์ครั้งที่ 4
260    ^aกรุงเทพฯ :^bศูนย์หนังสือ ที.จี.อาร์.อี.,^c2560
300    ^a327 หน้า ;^c26 ซม.
610 24 ^aจุฬาลงกรณ์มหาวิทยาลัย^xการสอบคัดเลือก^xข้อสอบและเฉลย
650  0 ^aEnglish language^xExaminations
650  0 ^aEnglish language^vExaminations, questions, etc.
650  0 ^aReading comprehension
650  4 ^aภาษาอังกฤษ^xการสอบ
650  4 ^aภาษาอังกฤษ^vข้อสอบและเฉลย
650  4 ^aความเข้าใจในการอ่าน
700 0  ^aSutin Poolsawad
910    ^aSend to UC
945    ^p325^l0^i004795
945    ^p325^l0^i004243
999    ^aประนอม เกษจรัล
รายการนี้ยังไม่มีแท็ก
คุณยังไม่ได้ล็อกอิน คุณสามารถมีกิจกรรมร่วมกับเว็บไซต์ได้ แต่ต้องล็อกอินก่อน ::
  ล็อกอิน

รายการสื่อสารสนเทศ

ลำดับที่ ประเภท เลขเรียก/บาร์โค้ด สถานที่ สถานะ
1. วิทยาศาสตร์การแพทย์ และสุขภาพ
หนังสือสำรอง
สถานะ=หนังสือสำรอง
PE1128 ส779cu ฉ.1 
  Barcode: 004243
ห้องสมุดวิทยาเขตนครสวรรค์
►นวนิยาย:l:Fiction
บนชั้น
2. การศึกษาทั่วไป
การศึกษาทั่วไป
PE1128 ส779cu ฉ.2 
  Barcode: 004795
ห้องสมุดวิทยาเขตสวรรค์ประชารักษ์
►หนังสือทั่วไป
ถูกยืม กำหนดส่งวันที่ 5 ธันวาคม 2568
  จอง

รายการใกล้เคียง
    ผู้แต่ง [สุทิน พูลสวัสดิ์]

    หัวเรื่อง [Reading comprehension]
    หัวเรื่อง [ความเข้าใจในการอ่าน]

BibComment


ยังไม่เคยถูกคอมเมนท์

คอมเมนท์ทรัพยากรรายการนี้
  คอมเมนท์: CUTEP reading ภ..


 Copyright 2026. Bcnsprnw @Library